| 000 | 00387nam a22001697a 4500 | ||
|---|---|---|---|
| 005 | 20160620110008.0 | ||
| 008 | 160620b xxu||||| |||| 00| 0 eng d | ||
| 020 | _a978-0-07-059976-5 | ||
| 041 | _aeng | ||
| 082 | _b8432 | ||
| 100 |
_aLesikarand Flatley _92301 |
||
| 245 | _aBasic Business Communication | ||
| 260 | _bTMH | ||
| 300 | _a577 | ||
| 650 |
_aManagement _9241 |
||
| 942 | _cBK | ||
| 999 |
_c3226 _d3225 |
||